[Event "TCh-FRA Top 12 2016"]
[Site "Drancy FRA"]
[Date "2016.06.07"]
[Round "11.4"]
[Board "3"]
[White "Libiszewski, Fabien"]
[Black "Cornette, Matthieu"]
[Result "1/2-1/2"]
[WhiteTitle "GM"]
[BlackTitle "GM"]
[WhiteElo "2533"]
[BlackElo "2579"]
[WhiteTeam "Echecs Club MONTPELLIER"]
[BlackTeam "C.E. de BOIS COLOMBES"]
[WhiteFideId "616834"]
[BlackFideId "620084"]
[EventDate "2016.05.28"]

1. e4 e6 2. d4 d5 3. Nd2 Nf6 4. e5 Nfd7 5. Bd3 c5 6. c3 Nc6 7. Ngf3 cxd4 8. cxd4
Qb6 9. O-O Nxd4 10. Nxd4 Qxd4 11. Nf3 Qb6 12. Qa4 Qb4 13. Qc2 Qc5 14. Qa4 Qb4 1/2-1/2

[Event "TCh-FRA Top 12 2016"]
[Site "Drancy FRA"]
[Date "2016.06.07"]
[Round "11.4"]
[Board "4"]
[White "Duda, Jan-Krzysztof"]
[Black "Smith, Axel"]
[Result "1/2-1/2"]
[WhiteTitle "GM"]
[BlackTitle "GM"]
[WhiteElo "2666"]
[BlackElo "2499"]
[WhiteTeam "C.E. de BOIS COLOMBES"]
[BlackTeam "Echecs Club MONTPELLIER"]
[WhiteFideId "1170546"]
[BlackFideId "1707930"]
[EventDate "2016.05.28"]

1. e4 e6 2. d3 d5 3. Qe2 Nf6 4. Nf3 Be7 5. g3 O-O 6. e5 Nfd7 7. Bg2 c5 8. O-O b5
9. h4 Nc6 10. Re1 a5 11. c3 Ba6 12. a4 b4 13. c4 dxc4 14. dxc4 Rc8 1/2-1/2

[Event "TCh-FRA Top 12 2016"]
[Site "Drancy FRA"]
[Date "2016.06.07"]
[Round "11.4"]
[Board "5"]
[White "Flear, Glenn C"]
[Black "Bachmann, Axel"]
[Result "0-1"]
[WhiteTitle "GM"]
[BlackTitle "GM"]
[WhiteElo "2452"]
[BlackElo "2632"]
[WhiteTeam "Echecs Club MONTPELLIER"]
[BlackTeam "C.E. de BOIS COLOMBES"]
[WhiteFideId "400165"]
[BlackFideId "3700488"]
[EventDate "2016.05.28"]

1. d4 d5 2. c4 dxc4 3. e3 Nf6 4. Bxc4 e6 5. Nf3 a6 6. O-O b5 7. Bd3 Bb7 8. a4 b4
9. Nbd2 c5 10. e4 cxd4 11. e5 Nfd7 12. Nc4 Nc5 13. Bg5 Qc7 14. Rc1 Nbd7 15. Re1
Bxf3 16. Qxf3 Rc8 17. Re4 h6 18. Bd2 Qb7 19. Rxd4 Qxf3 20. gxf3 Rb8 21. Bc2 g5
22. b3 Be7 23. Re1 O-O 24. h4 Rfd8 25. hxg5 hxg5 26. Rg4 Nb6 27. Bxg5 Bxg5 28.
Rxg5+ Kf8 29. Nd6 Nd5 30. Kh2 Ke7 31. Rg7 Rh8+ 32. Bh7 Rbf8 33. Rc1 Nd3 34. Rc6
Nxe5 35. Rxa6 Kf6 36. Nf5 Ne7 0-1

[Event "TCh-FRA Top 12 2016"]
[Site "Drancy FRA"]
[Date "2016.06.07"]
[Round "11.4"]
[Board "6"]
[White "Bauer, Christian"]
[Black "Brochet, Philippe"]
[Result "0-1"]
[WhiteTitle "GM"]
[BlackTitle "IM"]
[WhiteElo "2634"]
[BlackElo "2379"]
[WhiteTeam "C.E. de BOIS COLOMBES"]
[BlackTeam "Echecs Club MONTPELLIER"]
[WhiteFideId "603767"]
[BlackFideId "602469"]
[EventDate "2016.05.28"]

1. Nf3 d5 2. c4 d4 3. b4 g6 4. g3 Bg7 5. d3 e5 6. Bg2 Ne7 7. Nbd2 O-O 8. O-O a5
9. b5 c5 10. bxc6 Nexc6 11. Ne1 Na6 12. Nc2 Re8 13. Na3 Nc5 14. Nb5 Bf5 15. Ba3
Bf8 16. Bxc5 Bxc5 17. Ne4 Bxe4 18. Bxe4 f5 19. Bd5+ Kg7 20. a3 Qd7 21. Rb1 Rad8
22. Qd2 b6 23. Kh1 Ne7 24. Bg2 Ng8 25. Rbd1 Nf6 26. Qc1 h5 27. e3 dxe3 28. fxe3
Ng4 29. d4 exd4 30. exd4 Ne3 31. Bf3 Bf8 32. Rde1 Nxf1 33. Rxf1 Kh7 34. a4 Bh6
35. Qc2 Re3 36. Kg2 Qe7 37. Nc3 Rxd4 38. Nd5 Qd6 39. Nxe3 Rd2+ 40. Rf2 Rxc2 41.
Nxc2 Qd7 42. Re2 Bg7 43. Bd5 Qxa4 44. Ne1 Qd1 45. Re7 Qd2+ 46. Kh1 a4 47. Nf3
Qc1+ 48. Re1 Qh6 49. h4 Bf6 50. c5 bxc5 51. Rb1 Qe3 52. Kg2 a3 53. Rb7+ Be7 54.
Kh3 Kh6 55. Rb3 Qc1 56. Ne5 a2 57. Rb6 Qf1+ 0-1

[Event "TCh-FRA Top 12 2016"]
[Site "Drancy FRA"]
[Date "2016.06.07"]
[Round "11.4"]
[Board "7"]
[White "Touzane, Olivier"]
[Black "Vuilleumier, Alexandre"]
[Result "1-0"]
[WhiteTitle "IM"]
[BlackTitle "IM"]
[WhiteElo "2308"]
[BlackElo "2384"]
[WhiteTeam "Echecs Club MONTPELLIER"]
[BlackTeam "C.E. de BOIS COLOMBES"]
[WhiteFideId "602906"]
[BlackFideId "1305662"]
[EventDate "2016.05.28"]

1. d4 d6 2. Bf4 g6 3. Nc3 Bg7 4. Nf3 Nf6 5. Qd2 a6 6. a4 O-O 7. e4 c5 8. d5 Qa5
9. Ra3 Qb4 10. Ng5 Nh5 11. Be3 Qxb2 12. Rb3 Qa1+ 13. Nd1 Qxa4 14. Be2 h6 15. Nf3
Qxe4 16. Bxh6 c4 17. Bxg7 Kxg7 18. Re3 Qf4 19. g3 Qf6 20. Bxc4 Bg4 21. Be2 Nd7
22. O-O Rac8 23. Re1 Rc7 24. c4 Rfc8 25. Nc3 Nc5 26. h4 b5 27. Ng5 Nb3 28. Qd1
Rxc4 29. Bxg4 Rxc3 30. Bxc8 1-0

[Event "TCh-FRA Top 12 2016"]
[Site "Drancy FRA"]
[Date "2016.06.07"]
[Round "11.4"]
[Board "8"]
[White "Congiu, Mathilde"]
[Black "Haussernot, Cecile"]
[Result "1-0"]
[WhiteTitle "WIM"]
[BlackTitle "WFM"]
[WhiteElo "2267"]
[BlackElo "2087"]
[WhiteTeam "C.E. de BOIS COLOMBES"]
[BlackTeam "Echecs Club MONTPELLIER"]
[WhiteFideId "634581"]
[BlackFideId "601632"]
[EventDate "2016.05.28"]

1. e4 Nf6 2. e5 Nd5 3. Bc4 Nb6 4. Bb3 c5 5. c3 d5 6. exd6 e6 7. d4 c4 8. Bxc4
Nxc4 9. Qa4+ Qd7 10. Qxc4 Bxd6 11. Qe2 b6 12. Nf3 Ba6 13. c4 b5 14. c5 b4 15.
Qd2 Bc7 16. Qxb4 O-O 17. Nc3 Nc6 18. Qa4 Bd3 19. Be3 Ba5 20. Rd1 Ba6 21. a3 Qb7
22. b4 Nxb4 23. axb4 Bxb4 24. Rc1 f5 25. c6 Qb6 26. d5 Bxc3+ 27. Rxc3 Qb1+ 28.
Rc1 Qd3 29. Qd1 Qb5 30. d6 f4 31. d7 fxe3 32. fxe3 Rxf3 33. Qxf3 Qa5+ 34. Kf2
Qd2+ 35. Kg3 Rf8 36. Rhd1 Rxf3+ 37. gxf3 Qxe3 38. d8=Q+ Kf7 39. Qc7+ Kg6 40. Qf4 1-0

[Event "TCh-FRA Top 12 2016"]
[Site "Drancy FRA"]
[Date "2016.06.07"]
[Round "11.5"]
[Board "1"]
[White "Nataf, Igor-Alexandre"]
[Black "Solodovnichenko, Yuri"]
[Result "1/2-1/2"]
[WhiteTitle "GM"]
[BlackTitle "GM"]
[WhiteElo "2531"]
[BlackElo "2587"]
[WhiteTeam "C.E. STRASBOURG"]
[BlackTeam "VANDOEUVRE Echecs"]
[WhiteFideId "605492"]
[BlackFideId "14104369"]
[EventDate "2016.05.28"]

1. e4 c5 2. Nf3 e6 3. c4 Nc6 4. Nc3 Nf6 5. Be2 b6 6. O-O Bb7 7. d4 cxd4 8. Nxd4
Qb8 9. Nxc6 Bxc6 10. Qd3 Bb4 11. f3 O-O 12. a3 Be7 13. b4 Qc7 14. f4 d6 15. Bb2
Rac8 16. Rac1 Qb8 17. Bf3 h6 18. e5 dxe5 19. Bxc6 Rxc6 20. fxe5 Nh7 21. Nb5 a6
22. Qd7 Qe8 23. Qxe8 Rxe8 24. Nd4 Rc7 25. Nb3 Bg5 26. Rc3 Nf8 27. g3 Nd7 28. Rd3
Rec8 29. Rfd1 Nb8 30. c5 bxc5 31. Nxc5 a5 32. Ne4 axb4 33. axb4 Rc2 34. Nxg5
hxg5 35. Rd8+ Rxd8 36. Rxd8+ Kh7 37. Rxb8 Rxb2 38. g4 Re2 39. Rb5 Kg6 40. h3 f5
41. exf6 gxf6 42. Rb8 Rb2 43. b5 f5 44. b6 f4 45. b7 Kg7 46. Re8 Rxb7 47. Rxe6
Rb1+ 1/2-1/2

[Event "TCh-FRA Top 12 2016"]
[Site "Drancy FRA"]
[Date "2016.06.07"]
[Round "11.5"]
[Board "2"]
[White "Donchenko, Alexander"]
[Black "Sanikidze, Tornike"]
[Result "1/2-1/2"]
[WhiteTitle "GM"]
[BlackTitle "GM"]
[WhiteElo "2569"]
[BlackElo "2537"]
[WhiteTeam "VANDOEUVRE Echecs"]
[BlackTeam "C.E. STRASBOURG"]
[WhiteFideId "24603295"]
[BlackFideId "13602608"]
[EventDate "2016.05.28"]

1. c4 e6 2. d4 d5 3. Nf3 Nf6 4. g3 dxc4 5. Bg2 Nc6 6. Qa4 Bb4+ 7. Bd2 Nd5 8. Qb5
Bxd2+ 9. Nbxd2 c3 10. bxc3 Nxc3 11. Qd3 Nd5 12. O-O O-O 13. Rfc1 h6 14. e3 Qe7
15. a3 Rd8 16. Qb3 Na5 17. Qc2 c6 18. Nb3 Nxb3 19. Qxb3 Qc7 20. Ne5 Qb6 21. Qc4
Bd7 22. a4 Rac8 23. Rab1 Qc7 24. Qb3 Rb8 25. Qa3 Be8 26. a5 f6 27. Nd3 b6 28.
Rb2 bxa5 29. Rxb8 Rxb8 30. Nc5 Qb6 31. Nxe6 Qb4 32. Qa2 Bf7 33. Bxd5 cxd5 34.
Nc5 Qb2 35. Qxb2 Rxb2 36. Ra1 Rb5 37. Ra3 Be8 38. Kg2 a4 39. Ra1 Rb4 40. Nd3 a5
41. Kf3 Bb5 42. Nc5 Kf7 43. h4 h5 44. Kf4 Ke7 45. Ra3 Kd6 46. Kf5 Rc4 47. Kg6
Rxc5 48. dxc5+ Kxc5 49. Ra1 Bd3+ 50. Kxg7 Kb4 51. g4 hxg4 52. h5 a3 53. h6 Kb3
54. Rd1 Kc2 55. h7 Bxh7 56. Rxd5 a4 57. Rd4 Bd3 58. Rxa4 Kb3 59. Ra8 Be4 60. Ra6
f5 61. Rb6+ Ka4 62. Ra6+ Kb4 63. Kf6 Bc2 64. Ra8 Ba4 65. Rb8+ Bb5 66. Ra8 Bc6
67. Ra7 Ba4 68. Rb7+ Ka5 69. Ra7+ Kb5 70. Rb7+ Kc4 71. Ra7 Kb4 72. Rb7+ Bb5 73.
Ra7 Bc6 74. Kg5 Be4 75. Ra6 Bc2 76. Ra8 Ba4 77. Rb8+ Bb5 78. Ra8 Bc6 79. Ra7 Be4
80. Ra6 Bd3 81. Ra8 Be4 1/2-1/2

[Event "TCh-FRA Top 12 2016"]
[Site "Drancy FRA"]
[Date "2016.06.07"]
[Round "11.5"]
[Board "3"]
[White "Baklan, Vladimir"]
[Black "Brunner, Nicolas"]
[Result "1-0"]
[WhiteTitle "GM"]
[BlackTitle "IM"]
[WhiteElo "2614"]
[BlackElo "2442"]
[WhiteTeam "C.E. STRASBOURG"]
[BlackTeam "VANDOEUVRE Echecs"]
[WhiteFideId "14102196"]
[BlackFideId "620246"]
[EventDate "2016.05.28"]

1. e4 c5 2. Nf3 d6 3. d4 cxd4 4. Nxd4 Nf6 5. Nc3 a6 6. Be3 e5 7. Nf3 Be7 8. Bc4
Be6 9. Bb3 O-O 10. O-O Qc7 11. Nh4 g6 12. Bh6 Rc8 13. Qd2 Kh8 14. Nf3 Bc4 15.
Rfe1 b5 16. a4 b4 17. Nd5 Nxd5 18. exd5 a5 19. Nd4 Qb7 20. Rad1 Kg8 21. Qe3 Bxd5
22. Nf5 Bxb3 23. Rxd6 Bxd6 24. Nxd6 Qd5 25. Nxc8 1-0

[Event "TCh-FRA Top 12 2016"]
[Site "Drancy FRA"]
[Date "2016.06.07"]
[Round "11.5"]
[Board "4"]
[White "Bailet, Pierre"]
[Black "Rozentalis, Eduardas"]
[Result "1-0"]
[WhiteTitle "IM"]
[BlackTitle "GM"]
[WhiteElo "2499"]
[BlackElo "2593"]
[WhiteTeam "VANDOEUVRE Echecs"]
[BlackTeam "C.E. STRASBOURG"]
[WhiteFideId "655830"]
[BlackFideId "12800023"]
[EventDate "2016.05.28"]

1. d4 Nf6 2. c4 e6 3. g3 Bb4+ 4. Bd2 c5 5. Bxb4 cxb4 6. Bg2 O-O 7. e4 d6 8. Ne2
e5 9. a3 Qb6 10. O-O Re8 11. Qd2 exd4 12. Qxd4 Qc7 13. axb4 Nc6 14. Qd1 Nxb4 15.
Na3 Bd7 16. Nc3 Rad8 17. Qd2 Qc5 18. b3 a5 19. Rfe1 Ng4 20. Nab5 Bxb5 21. Nxb5
b6 22. Rad1 h6 23. Re2 Re6 24. Qd4 Qh5 25. h3 Ne5 26. Red2 Nf3+ 27. Bxf3 Qxf3
28. Qxb6 Ree8 29. Nxd6 Nc2 30. Nxe8 Rxe8 31. Qd6 Qxb3 32. Qc6 Re6 33. Qb5 Nb4
34. Rd8+ Kh7 35. Qf5+ Rg6 36. h4 Nc6 37. R8d3 1-0

[Event "TCh-FRA Top 12 2016"]
[Site "Drancy FRA"]
[Date "2016.06.07"]
[Round "11.5"]
[Board "5"]
[White "Vaisser, Anatoly"]
[Black "Savina, Anastasia"]
[Result "1/2-1/2"]
[WhiteTitle "GM"]
[BlackTitle "IM"]
[WhiteElo "2509"]
[BlackElo "2387"]
[WhiteTeam "C.E. STRASBOURG"]
[BlackTeam "VANDOEUVRE Echecs"]
[WhiteFideId "603252"]
[BlackFideId "4196872"]
[EventDate "2016.05.28"]

1. d4 Nf6 2. c4 e6 3. Nc3 d5 4. cxd5 Nxd5 5. Nf3 c5 6. e3 Be7 7. Bd3 O-O 8. O-O
Nxc3 9. bxc3 Nd7 10. Qc2 h6 11. e4 Qc7 12. Qe2 Rd8 13. e5 Nf8 14. Be3 b6 15. Nd2
Bb7 16. Qg4 Kh8 17. Ne4 Bxe4 18. Bxe4 Rac8 19. Qh5 Kg8 20. g4 cxd4 21. cxd4 Qc4
22. Rad1 Qxa2 23. Ra1 Qe2 24. Rfe1 Qb5 25. Rxa7 Rd7 26. Rxd7 Qxd7 27. Rd1 Qa4
28. Rd3 Qa1+ 29. Kg2 Rc3 30. Qh3 1/2-1/2

[Event "TCh-FRA Top 12 2016"]
[Site "Drancy FRA"]
[Date "2016.06.07"]
[Round "11.5"]
[Board "6"]
[White "Philippe, Christophe"]
[Black "Vitoux, Colomban"]
[Result "0-1"]
[WhiteTitle "IM"]
[BlackTitle "IM"]
[WhiteElo "2386"]
[BlackElo "2385"]
[WhiteTeam "VANDOEUVRE Echecs"]
[BlackTeam "C.E. STRASBOURG"]
[WhiteFideId "610038"]
[BlackFideId "628549"]
[EventDate "2016.05.28"]

1. e4 e6 2. d4 d5 3. Nc3 Nf6 4. Bg5 dxe4 5. Nxe4 Be7 6. Bxf6 gxf6 7. g3 f5 8.
Nc3 Bf6 9. Nge2 Nc6 10. d5 exd5 11. Nxd5 Bxb2 12. Bg2 Ne7 13. Rb1 Be5 14. O-O
Nxd5 15. Bxd5 c6 16. f4 Bc7 17. Bf3 O-O 18. Kg2 Qf6 19. Qc1 Rd8 20. c4 Rb8 21.
Qc2 Be6 22. Rfd1 Rxd1 23. Rxd1 Rd8 24. Rxd8+ Qxd8 25. Qc3 Ba5 26. Qe5 Bxc4 27.
Qxf5 Be6 28. Qh5 Bb6 29. f5 Bd5 30. Nf4 Bxf3+ 31. Qxf3 h6 32. h4 Qd2+ 33. Kh3
Kh7 34. Nh5 Qe3 35. Qg4 Qd4 36. Qe2 Bd8 37. Qe8 Qd5 38. f6 Qe6+ 39. Qxe6 fxe6
40. f7 Be7 41. Nf4 Kg7 42. Nxe6+ Kxf7 0-1

[Event "TCh-FRA Top 12 2016"]
[Site "Drancy FRA"]
[Date "2016.06.07"]
[Round "11.5"]
[Board "7"]
[White "Roos, Louis"]
[Black "Nezar, Mustapha"]
[Result "1-0"]
[WhiteTitle "IM"]
[BlackTitle "IM"]
[WhiteElo "2359"]
[BlackElo "2364"]
[WhiteTeam "C.E. STRASBOURG"]
[BlackTeam "VANDOEUVRE Echecs"]
[WhiteFideId "600288"]
[BlackFideId "608637"]
[EventDate "2016.05.28"]

1. e4 c5 2. Nf3 e6 3. d3 Nf6 4. Nbd2 d5 5. g3 Be7 6. Bg2 Nc6 7. O-O O-O 8. Re1
b5 9. e5 Nd7 10. Nf1 a5 11. h4 a4 12. a3 b4 13. N1h2 bxa3 14. bxa3 Ba6 15. Bf4
Rb8 16. Ng5 Nd4 17. c3 Nf5 18. Bf1 Rb3 19. Bd2 Qc7 20. Qg4 c4 21. d4 Bxa3 22.
Qh5 h6 23. Ng4 Be7 24. Rxa4 Bb5 25. Ra2 hxg5 26. hxg5 Rb8 27. Kg2 Nf8 28. Nf6+
gxf6 29. gxf6 Ng6 30. Bd3 Nfh4+ 31. gxh4 cxd3 32. Qg5 Be8 33. h5 Bf8 34. Rh1 Rb1
35. Rh3 R1b2 36. hxg6 fxg6 37. Qh4 Bg7 38. Qh7+ Kf8 39. fxg7+ 1-0

[Event "TCh-FRA Top 12 2016"]
[Site "Drancy FRA"]
[Date "2016.06.07"]
[Round "11.5"]
[Board "8"]
[White "Steil-Antoni, Fiona"]
[Black "Nicoara, Malina"]
[Result "0-1"]
[WhiteTitle "WIM"]
[BlackTitle "WIM"]
[WhiteElo "2185"]
[BlackElo "2088"]
[WhiteTeam "VANDOEUVRE Echecs"]
[BlackTeam "C.E. STRASBOURG"]
[WhiteFideId "4001249"]
[BlackFideId "604631"]
[EventDate "2016.05.28"]

1. e4 Nf6 2. Nc3 d5 3. e5 Nfd7 4. d4 c5 5. f4 cxd4 6. Nce2 Nc6 7. Nf3 Qa5+ 8.
Bd2 Qb6 9. b4 e6 10. b5 Na5 11. Nexd4 Bc5 12. c3 O-O 13. Bd3 Nc4 14. Bxh7+ Kxh7
15. Ng5+ Kg6 16. Qg4 f5 17. Qh4 Ndxe5 18. fxe5 Nxe5 19. a4 a5 20. Rf1 Bd7 21. h3
Rh8 22. Qg3 Kf6 23. O-O-O Bxd4 24. cxd4 Qxd4 25. Kb1 Rac8 26. Bc1 Rxc1+ 27. Rxc1
Nd3 28. Rc2 Qb4+ 29. Ka1 Qxa4+ 30. Ra2 Qd4+ 31. Kb1 Qb4+ 32. Ka1 Qc3+ 33. Kb1
Rc8 34. Rxf5+ exf5 35. Qd6+ Kxg5 36. h4+ Kxh4 37. g3+ Kh3 0-1

[Event "TCh-FRA Top 12 2016"]
[Site "Drancy FRA"]
[Date "2016.06.07"]
[Round "11.6"]
[Board "1"]
[White "Heimann, Andreas"]
[Black "Fressinet, Laurent"]
[Result "1/2-1/2"]
[WhiteTitle "IM"]
[BlackTitle "GM"]
[WhiteElo "2578"]
[BlackElo "2692"]
[WhiteTeam "MULHOUSE Philidor"]
[BlackTeam "CLICHY Echecs 92"]
[WhiteFideId "24624632"]
[BlackFideId "608742"]
[EventDate "2016.05.28"]

1. e4 e5 2. Nf3 Nc6 3. Nc3 Nf6 4. d4 exd4 5. Nxd4 Bb4 6. Nxc6 bxc6 7. Bd3 O-O 8.
O-O d5 9. exd5 cxd5 10. h3 c6 11. Qf3 Re8 1/2-1/2

[Event "TCh-FRA Top 12 2016"]
[Site "Drancy FRA"]
[Date "2016.06.07"]
[Round "11.6"]
[Board "3"]
[White "Istratescu, Andrei"]
[Black "Tregubov, Pavel V."]
[Result "1/2-1/2"]
[WhiteTitle "GM"]
[BlackTitle "GM"]
[WhiteElo "2592"]
[BlackElo "2593"]
[WhiteTeam "MULHOUSE Philidor"]
[BlackTeam "CLICHY Echecs 92"]
[WhiteFideId "1200372"]
[BlackFideId "4115341"]
[EventDate "2016.05.28"]

1. e4 c5 2. Nf3 e6 3. d4 cxd4 4. Nxd4 Nc6 5. Nc3 Nf6 6. Ndb5 Bb4 7. a3 Bxc3+ 8.
Nxc3 d5 9. exd5 Nxd5 10. Nxd5 exd5 11. Bd3 Qe7+ 12. Qe2 Qxe2+ 13. Kxe2 Ne5 14.
Rd1 Nxd3 15. Rxd3 Be6 16. Be3 a6 17. Bd4 O-O 18. Kd2 Rac8 19. g4 Rfe8 20. Rg1
Bd7 21. Be3 Bc6 22. Rd4 Re4 23. Rxe4 dxe4 24. Bd4 f6 25. h4 Kf7 26. Ke3 h6 27.
b3 b5 28. g5 hxg5 29. hxg5 Bd5 30. gxf6 gxf6 31. c3 Rh8 32. c4 1/2-1/2

[Event "TCh-FRA Top 12 2016"]
[Site "Drancy FRA"]
[Date "2016.06.07"]
[Round "11.6"]
[Board "4"]
[White "Hammer, Jon Ludvig"]
[Black "Gledura, Benjamin"]
[Result "1-0"]
[WhiteTitle "GM"]
[BlackTitle "IM"]
[WhiteElo "2689"]
[BlackElo "2557"]
[WhiteTeam "CLICHY Echecs 92"]
[BlackTeam "MULHOUSE Philidor"]
[WhiteFideId "1503707"]
[BlackFideId "712779"]
[EventDate "2016.05.28"]

1. c4 c6 2. d4 d5 3. Nf3 Nf6 4. e3 Bf5 5. Nc3 e6 6. Nh4 Bg6 7. Nxg6 hxg6 8. Bd2
Nbd7 9. Qc2 Bd6 10. O-O-O Qe7 11. Kb1 a6 12. h3 b5 13. c5 Bc7 14. e4 b4 15. exd5
bxc3 16. d6 Bxd6 17. cxd6 Qxd6 18. Bxc3 Nd5 19. Bd2 O-O 20. h4 N7f6 21. Be2 Rab8
22. Rc1 Nf4 23. Bxa6 Qxd4 24. Bc3 Qb6 25. Bc4 N4d5 26. Be5 Rb7 27. Rh3 Ng4 28.
Bd6 Rd8 29. Bxd5 Rxd6 30. Rb3 Rxd5 31. Rxb6 Rxb6 32. Rd1 Rdb5 33. a4 Rb4 34.
Rd8+ Kh7 35. a5 Ra6 36. Qc5 1-0

[Event "TCh-FRA Top 12 2016"]
[Site "Drancy FRA"]
[Date "2016.06.07"]
[Round "11.6"]
[Board "7"]
[White "Burri, Quentin"]
[Black "Barbot, Pierre1"]
[Result "0-1"]
[WhiteTitle "FM"]
[BlackTitle "IM"]
[WhiteElo "2293"]
[BlackElo "2429"]
[WhiteTeam "MULHOUSE Philidor"]
[BlackTeam "CLICHY Echecs 92"]
[WhiteFideId "26028654"]
[BlackFideId "663727"]
[EventDate "2016.05.28"]

1. e4 e5 2. Nf3 Nc6 3. Bb5 g6 4. c3 a6 5. Ba4 d6 6. O-O Bg7 7. d4 exd4 8. cxd4
b5 9. Bc2 Bg4 10. Be3 Nge7 11. Nc3 O-O 12. Qd2 Bxf3 13. gxf3 f5 14. Ne2 Qd7 15.
Kh1 fxe4 16. fxe4 d5 17. e5 Nd8 18. f4 Ne6 19. b4 Nf5 20. Bxf5 Rxf5 21. Ng3 Rf7
22. Rf2 Raf8 23. Raf1 Nd8 24. Qd3 Nc6 25. f5 gxf5 26. Nxf5 Nxb4 27. Qb1 Nc6 28.
Nxg7 Rxf2 29. Bxf2 Qh3 30. Ne6 Qxe6 31. Rg1+ Kf7 32. Qxh7+ Ke8 33. Bh4 Qf5 34.
Qxf5 Rxf5 35. Bf6 Nxd4 36. h4 Ne6 37. Kh2 d4 38. Kg3 Kf7 39. Kg4 Kg6 40. Bg5
Rxe5 41. h5+ Kh7 42. Bf6 Re2 43. Kf5 d3 44. Be5 d2 45. Kxe6 Re1 46. Rg7+ Kh6 47.
Rd7 d1=Q 48. Rxd1 Rxd1 49. Bxc7 Ra1 0-1

[Event "TCh-FRA Top 12 2016"]
[Site "Drancy FRA"]
[Date "2016.06.07"]
[Round "11.6"]
[Board "8"]
[White "Afraoui, Anaelle"]
[Black "Choisy, Mathilde"]
[Result "0-1"]
[BlackTitle "WFM"]
[WhiteElo "1952"]
[BlackElo "2181"]
[WhiteTeam "CLICHY Echecs 92"]
[BlackTeam "MULHOUSE Philidor"]
[WhiteFideId "20654383"]
[BlackFideId "634565"]
[EventDate "2016.05.28"]

1. e4 c5 2. Nf3 d6 3. d4 cxd4 4. Nxd4 Nf6 5. Nc3 Nc6 6. Be2 e6 7. O-O Be7 8. Be3
O-O 9. f4 Bd7 10. Nb3 a6 11. a4 b6 12. Bf3 Qc7 13. g4 Bc8 14. Qe1 Nd7 15. Qg3
Rb8 16. g5 Re8 17. Rf2 Bf8 18. Raf1 b5 19. axb5 axb5 20. h4 b4 21. Ne2 Nb6 22.
Ned4 Nc4 23. Bc1 Nxd4 24. Nxd4 Qb6 25. Rd1 e5 26. Nf5 Bxf5 27. exf5 e4 28. Be2
e3 29. Rg2 Qc5 30. Kh2 d5 31. Bd3 Nd6 32. g6 fxg6 33. f6 d4 34. fxg7 Bxg7 35.
Qf3 Rf8 36. Kh1 Nf5 37. Qg4 Qe7 38. Rh2 Nh6 39. Qf3 Qf7 40. Rf1 Kh8 41. c3 bxc3
42. bxc3 Rb3 43. Be4 Rxc3 44. Bb2 Rc5 45. Rd1 Qxf4 46. Qxf4 Rxf4 47. Bxd4 Bxd4
48. Rxd4 Rc1+ 49. Kg2 e2 0-1